Manual de la historia de la filosofia / (Record no. 151465)
[ view plain ]
| 000 -LEADER | |
|---|---|
| campo de control de longitud fija | 00882nam a2200193 i 4500 |
| 001 - NÚMERO DE CONTROL | |
| campo de control | 151465 |
| 003 - IDENTIFICADOR DE NÚMERO DE CONTROL | |
| campo de control | ES-MaACL |
| 005 - FECHA Y HORA DE LA ÚLTIMA TRANSACCIÓN | |
| campo de control | 20250626211825.0 |
| 008 - DATOS DE LONGITUD FIJA--INFORMACIÓN GENERAL | |
| campo de control de longitud fija | 931025s1842 sp |||| | spa d |
| 100 1# - ENTRADA PRINCIPAL--NOMBRE DE PERSONA | |
| Nombre de persona | Amice, Jean-François. |
| 9 (RLIN) | 21225 |
| 245 10 - MENCIÓN DEL TÍTULO | |
| Título | Manual de la historia de la filosofia / |
| Mención de responsabilidad, etc. | traducido del Manual de filosofía experimental de Mr. Amice, con notas, y aumentado con un apéndice de la filosofía en España y con la parte bibliográfica por Ramón Martí de Eixalá... |
| 260 ## - PUBLICACIÓN, DISTRIBUCIÓN, ETC. | |
| Lugar de publicación, distribución, etc. | Barcelona : |
| Nombre del editor, distribuidor, etc. | [s.n.], |
| Fecha de publicación, distribución, etc. | 1842 ( |
| Fabricante | Imp. del Constitucional) |
| 300 ## - DESCRIPCIÓN FÍSICA | |
| Extensión | 225 p. ; |
| Dimensiones | 16 cm. |
| 650 #4 - PUNTO DE ACCESO ADICIONAL DE MATERIA--TÉRMINO DE MATERIA | |
| Término de materia o nombre geográfico como elemento de entrada | Filosofía- |
| Subdivisión de forma | Historia. |
| 9 (RLIN) | 158248 |
| 700 1# - ENTRADA AGREGADA--NOMBRE PERSONAL | |
| Nombre de persona | Martí de Eixalá, Ramón, |
| Fechas asociadas al nombre | 1807-1857 |
| 9 (RLIN) | 77213 |
| 852 ## - LOCALIZACIÓN | |
| Ubicación | ES-MaACL |
| Número de control de estantería | T-1296-F-4 |
| Nota libre | -- Enc. hol., conservando la enc. original |
| -- | -- Enc. en un vol. facticio |
| -- | .- Donat. Bosch |
| 942 ## - ELEMENTOS DE ENTRADA SECUNDARIOS (KOHA) | |
| Fuente del sistema de clasificación o colocación | Clasificación decimal universal |
| Estatus retirado | Estado de pérdida | Estado de daño | No para préstamo | Colección | Biblioteca de origen | Biblioteca actual | Ubicación en estantería | Fecha de adquisición | Total de préstamos | Signatura topográfica completa | Código de barras | Visto por última vez | Precio de reemplazo | Tipo de ítem Koha |
|---|---|---|---|---|---|---|---|---|---|---|---|---|---|---|
| Colección de folletos | Biblioteca del Ateneo de Madrid | Biblioteca del Ateneo de Madrid | Depósito folletos | 17/01/2008 | T-1296-F-4 | 1158036 | 23/02/2023 | 23/02/2023 | Folleto |
